Rappeurs anglophones en photo - Statistiques

Statistiques générales
  • Ce quiz a été pris 103 fois
  • Le résultat moyen est 46 sur 140
Statistiques - réponses
Par images Réponse % Correct
Drake
98%
Eminem
95%
2Pac
89%
Kanye West
89%
Kendrick Lamar
84%
Cardi B
83%
Travis Scott
83%
50 Cent
80%
XXXTentacion
80%
Central Cee
79%
Nicki Minaj
79%
Jay-Z
78%
Snoop Dogg
78%
Will Smith
74%
Lil Nas X
73%
Ice Spice
72%
Lil Wayne
70%
A$AP Rocky
68%
Puff Daddy
66%
The Notorious B.I.G.
65%
DJ Khaled
62%
Lil Uzi Vert
62%
Post Malone
61%
6ix9ine
59%
Dr. Dre
59%
Juice Wrld
59%
Pop Smoke
59%
Mac Miller
57%
Doja Cat
56%
Future
54%
Ice Cube
52%
J. Cole
52%
Lil Baby
52%
Tyler, The Creator
50%
21 Savage
49%
Offset
48%
Lil Pump
46%
Macklemore
45%
Quavo
44%
Jaden Smith
43%
Dave
41%
Migos
41%
Trippie Redd
41%
Pitbull
40%
Young Thug
40%
Playboi Carti
39%
Lil Tecca
38%
Megan Thee Stallion
38%
Roddy Ricch
38%
Childish Gambino
37%
NLE Choppa
37%
Pharrell Williams
37%
Rick Ross
37%
Wiz Khalifa
37%
YNW Melly
37%
Doechii
33%
Kodak Black
33%
Lil Peep
33%
Iggy Azalea
32%
Jack Harlow
32%
Kid Cudi
30%
Lil Durk
30%
Tyga
30%
DaBaby
29%
French Montana
29%
Ludacris
29%
Takeoff
29%
will.i.am
29%
Don Toliver
27%
Lil Yachty
27%
Nas
27%
Yeat
27%
Bhad Bhabie
26%
Gunna
26%
Latto
24%
Lil Mosey
24%
Chief Keef
23%
Frank Ocean
23%
Gucci Mane
23%
Flo Rida
22%
Machine Gun Kelly
22%
Swae Lee
22%
G-Eazy
20%
André 3000
18%
Lauryn Hill
18%
Polo G
18%
Rae Sremmurd
18%
Sexyy Red
18%
Stormzy
18%
Chance the Rapper
17%
Fat Joe
17%
GloRilla
17%
Meek Mill
17%
OutKast
17%
T.I.
17%
Busta Rhymes
16%
PartyNextDoor
16%
Coi Leray
15%
Coolio
15%
Fugees
15%
Ice-T
15%
Ken Carson
15%
Ty Dolla $ign
15%
Baby Keem
13%
Pusha T
13%
Saweetie
13%
Big Sean
12%
Bobby Shmurda
12%
Lil' Kim
12%
A$AP Ferg
11%
Denzel Curry
11%
Skepta
11%
Wu-Tang Clan
11%
2 Chainz
10%
Desiigner
10%
Aminé
9%
Flo Milli
9%
Nelly
9%
Queen Latifah
9%
Rich the Kid
9%
Bbno$
7%
Missy Elliott
7%
Soulja Boy
7%
A$AP Mob
6%
Vanilla Ice
6%
Cypress Hill
5%
Nate Dogg
4%
Run–DMC
4%
Vince Staples
4%
Azealia Banks
2%
Eve
2%
Jay Rock
2%
Schoolboy Q
2%
24kGoldn
1%
AJ Tracey
1%
Anderson .Paak
1%
Kid Ink
1%
Lil Reese
1%
Public Enemy
1%
The Sugarhill Gang
1%
Aucun quiz correspondant
Distribution des résultats
% des personnes avec chaque résultat
Percentile par nombre de réponses
Votre historique - résultats
Vous n’avez pas pris ce quiz